Strategic conundrums: (Record no. 750603)

MARC details
000 -LEADER
fixed length control field 00350nam a22001217a 4500
020 ## - INTERNATIONAL STANDARD BOOK NUMBER
ISBN 9780143464570
082 ## - DEWEY DECIMAL CLASSIFICATION NUMBER
Classification number 327.54 SIK/S
100 ## - MAIN ENTRY--AUTHOR NAME
Personal name Sikri, Rajiv
245 ## - TITLE STATEMENT
Title Strategic conundrums:
Sub Title reshaping India's foreign policy/
Statement of responsibility, etc by Rajiv Sikri
260 ## - PUBLICATION, DISTRIBUTION, ETC. (IMPRINT)
Place of publication .- Haryana
Name of publisher : Penguin Random HousePvt Ltd
Year of publication , 2024
300 ## - PHYSICAL DESCRIPTION
Number of Pages 208 pages
942 ## - ADDED ENTRY ELEMENTS (KOHA)
Source of classification or shelving scheme Dewey Decimal Classification
Koha item type Book
Holdings
Withdrawn status Lost status Source of classification or shelving scheme Damaged status Not for loan Home Library Current Location Date acquired Full call number Accession Number Price effective from Koha item type
    Dewey Decimal Classification     Dept. of Political Science Dept. of Political Science 06/02/2025 327.54 SIK/S POL23740 25/07/2025 Book